MARC details
| 000 -LEADER |
| campo de control de longitud fija |
02551cam a2200433 4500 |
| 001 - NÚMERO DE CONTROL |
| campo de control |
12740 |
| 005 - FECHA Y HORA DE LA ÚLTIMA TRANSACCIÓN |
| campo de control |
20230410120816.0 |
| 008 - DATOS DE LONGITUD FIJA--INFORMACIÓN GENERAL |
| campo de control de longitud fija |
060907p2002 enk rb 000 0 eng d |
| 020 ## - NÚMERO INTERNACIONAL ESTÁNDAR DEL LIBRO |
| Número Internacional Estándar del Libro |
0850365074 (hbk. Merlin Press) |
| 035 ## - NÚMERO DE CONTROL DEL SISTEMA |
| -- |
funglode12840 |
| 041 ## - CÓDIGO DE IDIOMA |
| Código de lengua del texto/banda sonora o título independiente |
ENG |
| 050 14 - SIGNATURA TOPOGRÁFICA DE LA BIBLIOTECA DEL CONGRESO |
| Número de clasificación |
HX 15 |
| Número de ítem |
S678 2002 |
| 082 00 - NÚMERO DE LA CLASIFICACIÓN DECIMAL DEWEY |
| Número de clasificación |
335 |
| 245 00 - MENCIÓN DEL TÍTULO |
| Título |
Socialist register 2003 : |
| Resto del título |
fighting identities : race, religion and ethno-nationalism / |
| Mención de responsabilidad, etc. |
edited by Leo Panitch and Colin Leys |
| 246 30 - FORMA VARIANTE DEL TITULO |
| Título propio/Titulo breve |
Fighting identities : race, religion and ethno-nationalism |
| 260 ## - PUBLICACIÓN, DISTRIBUCIÓN, ETC. |
| Lugar de publicación, distribución, etc. |
London : |
| Nombre del editor, distribuidor, etc. |
The Merlin press, |
| Fecha de publicación, distribución, etc. |
2002 |
| 300 ## - DESCRIPCIÓN FÍSICA |
| Extensión |
x, 374 p. ; |
| Dimensiones |
24cm. |
| 504 ## - NOTA DE BIBLIOGRAFÍA, ETC. |
| Nota de bibliografía, etc. |
Incluye referencias bibliográficas. |
| 505 0# - NOTA DE CONTENIDO CON FORMATO |
| Nota de contenido con formato |
The american campaign for global sovereignty -- Postmodern obscurantism and 'the musmlim question' -- Palestine, global politics and Israeli judaism -- The political economy of ethno-nationalism in Yugoslavia -- How soviet bureaucracy produced nationalism, and what came of it in Azerbaijan -- Linguistic-communal politics and class conflict in India -- Making sense of political violence in post-colonial Africa -- The left and the Algerian catastrophe -- The international politics of forced migration -- Xenophobia, identity politics and exclusionary populism in Western Europe -- The european right and working life: from ordinary miseries to political disasters -- Cool Britannia or cruel Britannia? Racism and new labour -- The politics of labour and race in the USA -- Is the north american anti-globalization movement racist? Critical reflections -- Is this what democracy looks like? The politics of the anti-globalization movement in North America -- The Porto Alegre thermidor? Brazil's 'participatory budget' at the crossroads -- Science and race: before and after the human genome project -- Identifying class, classifying difference. |
| 650 #0 - PUNTO DE ACCESO ADICIONAL DE MATERIA--TÉRMINO DE MATERIA |
| Término de materia o nombre geográfico como elemento de entrada |
Socialism |
| Subdivisión de forma |
Periodicals. |
| 650 #0 - PUNTO DE ACCESO ADICIONAL DE MATERIA--TÉRMINO DE MATERIA |
| Término de materia o nombre geográfico como elemento de entrada |
Communism |
| Subdivisión de forma |
Periodicals. |
| 650 #0 - PUNTO DE ACCESO ADICIONAL DE MATERIA--TÉRMINO DE MATERIA |
| Término de materia o nombre geográfico como elemento de entrada |
World politics |
| Subdivisión cronológica |
1989- |
| Subdivisión de forma |
Periodicals. |
| 650 #4 - PUNTO DE ACCESO ADICIONAL DE MATERIA--TÉRMINO DE MATERIA |
| Término de materia o nombre geográfico como elemento de entrada |
Socialismo |
| 650 #4 - PUNTO DE ACCESO ADICIONAL DE MATERIA--TÉRMINO DE MATERIA |
| Término de materia o nombre geográfico como elemento de entrada |
Comunismo |
| 650 #4 - PUNTO DE ACCESO ADICIONAL DE MATERIA--TÉRMINO DE MATERIA |
| Término de materia o nombre geográfico como elemento de entrada |
Política mundial |
| Subdivisión cronológica |
1989- |
| 650 #0 - PUNTO DE ACCESO ADICIONAL DE MATERIA--TÉRMINO DE MATERIA |
| Término de materia o nombre geográfico como elemento de entrada |
Ethnic relations |
| Subdivisión general |
Political aspects |
| 650 #4 - PUNTO DE ACCESO ADICIONAL DE MATERIA--TÉRMINO DE MATERIA |
| Término de materia o nombre geográfico como elemento de entrada |
Relaciones étnicas |
| Subdivisión general |
Aspectos políticos |
| 650 #0 - PUNTO DE ACCESO ADICIONAL DE MATERIA--TÉRMINO DE MATERIA |
| Término de materia o nombre geográfico como elemento de entrada |
Race relations |
| Subdivisión general |
Political aspects |
| 650 #4 - PUNTO DE ACCESO ADICIONAL DE MATERIA--TÉRMINO DE MATERIA |
| Término de materia o nombre geográfico como elemento de entrada |
Relaciones raciales |
| Subdivisión general |
Aspectos políticos |
| 650 #0 - PUNTO DE ACCESO ADICIONAL DE MATERIA--TÉRMINO DE MATERIA |
| Término de materia o nombre geográfico como elemento de entrada |
Nationalism |
| 650 #4 - PUNTO DE ACCESO ADICIONAL DE MATERIA--TÉRMINO DE MATERIA |
| Término de materia o nombre geográfico como elemento de entrada |
Nacionalismo |
| 650 #0 - PUNTO DE ACCESO ADICIONAL DE MATERIA--TÉRMINO DE MATERIA |
| Término de materia o nombre geográfico como elemento de entrada |
Political violence |
| 650 #4 - PUNTO DE ACCESO ADICIONAL DE MATERIA--TÉRMINO DE MATERIA |
| Término de materia o nombre geográfico como elemento de entrada |
Violencia política |
| 650 #0 - PUNTO DE ACCESO ADICIONAL DE MATERIA--TÉRMINO DE MATERIA |
| Término de materia o nombre geográfico como elemento de entrada |
Religion and politics |
| 650 #4 - PUNTO DE ACCESO ADICIONAL DE MATERIA--TÉRMINO DE MATERIA |
| Término de materia o nombre geográfico como elemento de entrada |
Religión y política |
| 700 1# - ENTRADA AGREGADA--NOMBRE PERSONAL |
| Nombre de persona |
Panitch, Leo |
| 700 1# - ENTRADA AGREGADA--NOMBRE PERSONAL |
| Nombre de persona |
Leys, Colin |
| 942 ## - ELEMENTOS DE ENTRADA SECUNDARIOS (KOHA) |
| Fuente del sistema de clasificación o colocación |
Clasificación de Library of Congress |
| Tipo de ítem Koha |
|